[Event "XII Paracin Festival 2019"]
[Site "Paracin"]
[Date "2019.07.10"]
[Round "7.12"]
[White "Nie, Xinyang"]
[Black "Asadli, Vugar"]
[Result "0-1"]
[WhiteElo "2375"]
[BlackElo "2502"]
[Annotator "ChessBase"]
[PlyCount "64"]
[EventDate "2019.07.05"]
[EventType "swiss"]
[EventCountry "SRB"]
[SourceTitle "playchess.com"]
[Source "ChessBase"]
[SourceQuality "1"]
[TimeControl "5400+30"]

1. d4 {[%emt 0:00:00]} Nf6 {[%emt 0:05:22]} 2. c4 {[%emt 0:00:00]} g6 {[%emt 0:00:22]} 3. Nf3 {[%emt 0:00:00]} Bg7 {[%emt 0:00:19]} 4. g3 {[%emt 0:00:00]} O-O {[%emt 0:00:37]} 5. Bg2 {[%emt 0:00:00]} d6 {[%emt 0:00:32]} 6. O-O {[%emt 0:00:00]} Bf5 {[%emt 0:00:03]} 7. Nh4 {[%emt 0:02:53]} Bc8 {[%emt 0:00:14]} 8. Nf3 {[%emt 0:00:04]} Bf5 {[%emt 0:04:43]} 9. Nc3 {[%emt 0:04:36]} Ne4 {[%emt 0:02:25]} 10. Nh4 {[%emt 0:04:29]} Nxc3 {[%emt 0:01:06]} 11. bxc3 {[%emt 0:00:03]} Bc8 {[%emt 0:00:17]} 12. f4 {[%emt 0:01:59]} f5 {[%emt 0:20:26]} 13. e4 {[%emt 0:01:46]} fxe4 {[%emt 0:01:52]} 14. Bxe4 {[%emt 0:00:05]} e6 {[%emt 0:00:16]} 15. Qf3 {[%emt 0:01:39]} Nc6 {[%emt 0:02:19]} 16. Bxc6 {[%emt 0:02:44]} bxc6 {[%emt 0:00:04]} 17. Qxc6 {[%emt 0:00:04]} Rb8 {[%emt 0:02:06]} 18. Qe4 {[%emt 0:05:52]} Qd7 {[%emt 0:02:02]} 19. Nf3 {[%emt 0:13:33]} Ba6 {[%emt 0:08:23]} 20. Qe2 {[%emt 0:00:29]} Qc6 {[%emt 0:07:11]} 21. Qxe6+ {[%emt 0:08:41]} Kh8 {[%emt 0:01:23]} 22. Ng5 {[%emt 0:00:17]} Bxc4 {[%emt 0:02:24]} 23. Qh3 {[%emt 0:00:04]} h6 {[%emt 0:00:22]} 24. Re1 {[%emt 0:00:35]} Ba6 {[%emt 0:09:33]} 25. Bd2 {[%emt 0:00:23]} Rb2 {[%emt 0:00:34]} 26. Rad1 {[%emt 0:00:41]} Bb7 {[%emt 0:01:58]} 27. a4 {[%emt 0:18:37]} a5 {[%emt 0:01:08]} 28. Kf1 {[%emt 0:04:50]} Qd5 29. Ne4 {[%emt 0:00:05]} Re8 {[%emt 0:02:47]} 30. Nf2 {[%emt 0:00:22]} Rxe1+ {[%emt 0:00:28]} 31. Kxe1 {[%emt 0:00:30]} Ba6 {[%emt 0:00:30]} 32. Bc1 {[%emt 0:08:44]} Qf3 0-1

[Event "XII Paracin Festival 2019"]
[Site "Paracin"]
[Date "2019.07.10"]
[Round "7.13"]
[White "Stojanovic, Mihajlo"]
[Black "Rabrenovic, Vladan"]
[Result "1-0"]
[WhiteElo "2483"]
[BlackElo "2326"]
[Annotator "ChessBase"]
[PlyCount "89"]
[EventDate "2019.07.05"]
[EventType "swiss"]
[EventCountry "SRB"]
[SourceTitle "playchess.com"]
[Source "ChessBase"]
[SourceQuality "1"]
[TimeControl "5400+30"]

1. d4 {[%emt 0:00:00]} d5 {[%emt 0:03:07]} 2. c4 {[%emt 0:00:00]} e6 {[%emt 0:00:07]} 3. Nc3 {[%emt 0:00:02]} Nf6 {[%emt 0:00:05]} 4. Bg5 {[%emt 0:00:13]} Be7 {[%emt 0:00:08]} 5. e3 {[%emt 0:00:06]} O-O {[%emt 0:00:12]} 6. Rc1 {[%emt 0:00:06]} h6 {[%emt 0:00:49]} 7. Bh4 {[%emt 0:00:08]} Ne4 {[%emt 0:12:37]} 8. Bxe7 {[%emt 0:00:14]} Qxe7 {[%emt 0:00:11]} 9. cxd5 {[%emt 0:00:15]} Nxc3 {[%emt 0:00:07]} 10. Rxc3 {[%emt 0:00:11]} exd5 {[%emt 0:00:07]} 11. Bd3 {[%emt 0:00:42]} c6 {[%emt 0:03:09]} 12. Ne2 {[%emt 0:18:21]} Nd7 {[%emt 0:02:14]} 13. Bb1 {[%emt 0:01:57]} Nf6 {[%emt 0:07:23]} 14. f3 {[%emt 0:01:52]} Re8 {[%emt 0:05:12]} 15. O-O {[%emt 0:06:47]} Bd7 {[%emt 0:04:44]} 16. Ng3 {[%emt 0:10:38]} h5 {[%emt 0:07:14]} 17. Qc2 {[%emt 0:08:26]} g6 {[%emt 0:01:21]} 18. Qf2 {[%emt 0:00:07]} Rf8 {[%emt 0:15:21]} 19. Re1 {[%emt 0:10:55]} Rae8 {[%emt 0:10:01]} 20. a3 {[%emt 0:09:00]} Qd6 {[%emt 0:01:32]} 21. h3 Qe7 {[%emt 0:10:30]} 22. Nf1 {[%emt 0:10:20]} Nh7 {[%emt 0:01:00]} 23. e4 {[%emt 0:00:48]} f5 {[%emt 0:06:54]} 24. e5 {[%emt 0:00:35]} Ng5 {[%emt 0:00:15]} 25. Nd2 {[%emt 0:06:13]} Kg7 {[%emt 0:00:48]} 26. h4 {[%emt 0:02:13]} Ne6 {[%emt 0:00:20]} 27. f4 {[%emt 0:00:53]} a5 {[%emt 0:00:26]} 28. Kf1 {[%emt 0:07:28]} b6 {[%emt 0:00:20]} 29. Ba2 {[%emt 0:00:42]} c5 {[%emt 0:01:59]} 30. dxc5 {[%emt 0:02:13]} d4 {[%emt 0:00:01]} 31. Rcc1 {[%emt 0:01:13]} bxc5 {[%emt 0:00:11]} 32. Kg1 {[%emt 0:00:14]} Rb8 {[%emt 0:02:50]} 33. Nc4 {[%emt 0:00:04]} a4 {[%emt 0:00:08]} 34. Nd6 {[%emt 0:00:28]} Rb3 {[%emt 0:04:11]} 35. Bxb3 {[%emt 0:01:25]} axb3 {[%emt 0:00:01]} 36. Rc4 {[%emt 0:00:22]} Bc6 {[%emt 0:00:07]} 37. Rec1 {[%emt 0:00:31]} Be4 {[%emt 0:01:35]} 38. g3 {[%emt 0:01:12]} Rd8 {[%emt 0:00:20]} 39. Rxc5 {[%emt 0:00:37]} Nxc5 {[%emt 0:00:04]} 40. Rxc5 {[%emt 0:00:05]} d3 {[%emt 0:01:32]} 41. Qd4 {[%emt 0:01:19]} Kh6 {[%emt 0:00:01]} 42. Nf7+ {[%emt 0:00:39]} Qxf7 {[%emt 0:00:09]} 43. Qxd8 {[%emt 0:00:04]} d2 {[%emt 0:01:17]} 44. Qxd2 {[%emt 0:00:08]} Ba8 {[%emt 0:00:35]} 45. Qd8 {[%emt 0:00:25]} 1-0

[Event "XII Paracin Festival 2019"]
[Site "Paracin"]
[Date "2019.07.10"]
[Round "7.14"]
[White "Stankovic, Milos"]
[Black "Franklin, Samuel G A"]
[Result "1/2-1/2"]
[WhiteElo "2462"]
[BlackElo "2339"]
[Annotator "ChessBase"]
[PlyCount "53"]
[EventDate "2019.07.05"]
[EventType "swiss"]
[EventCountry "SRB"]
[SourceTitle "playchess.com"]
[Source "ChessBase"]
[SourceQuality "1"]
[TimeControl "5400+30"]

1. e4 {[%emt 0:00:00]} e5 {[%emt 0:02:19]} 2. Nf3 {[%emt 0:00:09]} Nc6 {[%emt 0:00:08]} 3. Bb5 {[%emt 0:00:32]} a6 {[%emt 0:00:22]} 4. Bxc6 {[%emt 0:00:27]} dxc6 {[%emt 0:00:12]} 5. O-O {[%emt 0:01:31]} Bg4 {[%emt 0:00:45]} 6. h3 {[%emt 0:02:22]} h5 {[%emt 0:00:39]} 7. d3 {[%emt 0:00:38]} Qf6 {[%emt 0:01:17]} 8. Nbd2 {[%emt 0:01:26]} g5 {[%emt 0:01:56]} 9. Nc4 {[%emt 0:01:01]} Bxf3 {[%emt 0:00:48]} 10. Qxf3 {[%emt 0:00:29]} Qxf3 {[%emt 0:00:06]} 11. gxf3 {[%emt 0:00:25]} f6 {[%emt 0:00:28]} 12. h4 {[%emt 0:01:27]} gxh4 {[%emt 0:00:57]} 13. f4 {[%emt 0:00:28]} b5 {[%emt 0:13:18]} 14. Ne3 {[%emt 0:01:17]} exf4 {[%emt 0:08:41]} 15. Nf5 {[%emt 0:05:32]} Nh6 {[%emt 0:13:53]} 16. Nxh6 {[%emt 0:11:17]} Bxh6 {[%emt 0:00:34]} 17. Kg2 {[%emt 0:00:07]} Rg8+ {[%emt 0:02:41]} 18. Kf3 {[%emt 0:00:38]} Rg4 {[%emt 0:00:23]} 19. Rh1 {[%emt 0:02:26]} Kd7 {[%emt 0:08:03]} 20. Bd2 {[%emt 0:07:31]} c5 {[%emt 0:08:13]} 21. Rae1 {[%emt 0:07:53]} Ke6 {[%emt 0:02:43]} 22. a3 {[%emt 0:18:54]} Rd8 {[%emt 0:01:41]} 23. Bc3 {[%emt 0:01:35]} c6 {[%emt 0:02:53]} 24. Rd1 {[%emt 0:03:04]} Rd7 {[%emt 0:01:30]} 25. Rde1 {[%emt 0:05:01]} Rd8 {[%emt 0:00:22]} 26. Rd1 {[%emt 0:00:54]} Rd7 {[%emt 0:00:20]} 27. Rde1 {[%emt 0:01:01] Ke5} 1/2-1/2

[Event "XII Paracin Festival 2019"]
[Site "Paracin"]
[Date "2019.07.10"]
[Round "7.15"]
[White "Pikula, Dejan"]
[Black "Chen, Peng"]
[Result "1/2-1/2"]
[WhiteElo "2447"]
[BlackElo "2328"]
[Annotator "NA"]
[PlyCount "100"]
[EventDate "2019.07.05"]
[EventType "swiss"]
[EventCountry "SRB"]
[SourceTitle "playchess.com"]
[Source "ChessBase"]
[SourceQuality "1"]
[TimeControl "5400+30"]

1. e4 {[%emt 0:00:00]} c5 {[%emt 0:00:55]} 2. Nf3 {[%emt 0:00:00]} d6 {[%emt 0:00:04]} 3. d4 {[%emt 0:00:00]} Nf6 {[%emt 0:00:03]} 4. Nc3 {[%emt 0:00:01]} cxd4 {[%emt 0:00:17]} 5. Nxd4 {[%emt 0:00:06]} a6 {[%emt 0:00:03]} 6. Nb3 {[%emt 0:00:21]} e6 {[%emt 0:05:49]} 7. g4 {[%emt 0:00:52]} h6 {[%emt 0:05:40]} 8. Bg2 {[%emt 0:02:51]} Be7 {[%emt 0:01:43]} 9. h3 {[%emt 0:06:54]} Nc6 {[%emt 0:03:11]} 10. f4 {[%emt 0:03:49]} Qc7 {[%emt 0:00:47]} 11. Be3 {[%emt 0:02:10]} b5 {[%emt 0:03:57]} 12. a3 {[%emt 0:01:00]} Bb7 {[%emt 0:01:19]} 13. O-O Nd7 {[%emt 0:00:46]} 14. a4 {[%emt 0:03:51]} b4 15. Ne2 {[%emt 0:00:16]} O-O {[%emt 0:04:19]} 16. f5 {[%emt 0:08:54]} exf5 {[%emt 0:05:06]} 17. gxf5 {[%emt 0:05:04]} Nce5 {[%emt 0:04:18]} 18. Nd2 {[%emt 0:07:25]} Nf6 {[%emt 0:05:11]} 19. Nf4 {[%emt 0:04:23]} Rfe8 {[%emt 0:09:52]} 20. Rc1 {[%emt 0:11:32]} Bc6 {[%emt 0:13:11]} 21. c4 {[%emt 0:08:14]} bxc3 {[%emt 0:00:40]} 22. Rxc3 {[%emt 0:00:05]} Qb7 {[%emt 0:00:27]} 23. Qc2 {[%emt 0:00:09]} Bd8 {[%emt 0:01:21]} 24. Rc1 {[%emt 0:07:54]} Bb6 {[%emt 0:01:38]} 25. Bxb6 {[%emt 0:00:12]} Qxb6+ {[%emt 0:00:02]} 26. Kh1 {[%emt 0:00:01]} Rad8 {[%emt 0:06:44]} 27. Nd5 {[%emt 0:02:53]} Bxd5 {[%emt 0:01:24]} 28. exd5 {[%emt 0:00:05]} Qd4 {[%emt 0:05:34]} 29. Nc4 {[%emt 0:07:04]} Nxc4 {[%emt 0:00:34]} 30. Rxc4 {[%emt 0:00:02]} Qe3 {[%emt 0:00:14]} 31. b4 Nh5 {[%emt 0:03:04]} 32. Qc3 {[%emt 0:02:30]} Qg5 {[%emt 0:07:11]} 33. Qf3 {[%emt 0:01:58]} Ng3+ {[%emt 0:02:17]} 34. Kh2 {[%emt 0:00:05]} Nxf5 {[%emt 0:00:02]} 35. Qf4 {[%emt 0:00:30]} Re2 {[%emt 0:03:18]} 36. Qxg5 {[%emt 0:01:55]} hxg5 {[%emt 0:00:01]} 37. Rc8 {[%emt 0:00:30]} Rxc8 {[%emt 0:00:13]} 38. Rxc8+ {[%emt 0:00:05]} Kh7 {[%emt 0:00:01]} 39. Kg1 {[%emt 0:00:05]} Nh4 {[%emt 0:00:20]} 40. Bh1 {[%emt 0:02:18]} Rb2 {[%emt 0:03:20]} 41. Rb8 {[%emt 0:01:50]} a5 {[%emt 0:02:20]} 42. Rb6 axb4 {[%emt 0:01:09]} 43. Rxd6 {[%emt 0:00:13]} f5 {[%emt 0:00:31]} 44. Rb6 {[%emt 0:00:17]} b3 {[%emt 0:00:56]} 45. d6 {[%emt 0:00:07]} Rd2 {[%emt 0:00:19]} 46. Rxb3 {[%emt 0:00:34]} Rxd6 {[%emt 0:00:06]} 47. Ra3 {[%emt 0:00:17]} Rd1+ {[%emt 0:00:43]} 48. Kh2 {[%emt 0:00:03]} Rd2+ {[%emt 0:00:09]} 49. Kg1 {[%emt 0:00:03]} Rd1+ {[%emt 0:00:30]} 50. Kh2 {[%emt 0:00:01]} Rd2+ {[%emt 0:00:25]} 1/2-1/2

[Event "XII Paracin Festival 2019"]
[Site "Paracin"]
[Date "2019.07.10"]
[Round "7.16"]
[White "Avalyan, Artur"]
[Black "Cabarkapa, Novak"]
[Result "1-0"]
[WhiteElo "2351"]
[BlackElo "2444"]
[Annotator "NA"]
[PlyCount "57"]
[EventDate "2019.07.05"]
[EventType "swiss"]
[EventCountry "SRB"]
[SourceTitle "playchess.com"]
[Source "ChessBase"]
[SourceQuality "1"]
[TimeControl "5400+30"]

1. d4 {[%emt 0:00:00]} Nf6 {[%emt 0:00:00]} 2. c4 {[%emt 0:00:00]} g6 {[%emt 0:00:00]} 3. Nc3 {[%emt 0:00:00]} Bg7 {[%emt 0:00:00]} 4. e4 {[%emt 0:00:00]} O-O {[%emt 0:00:00]} 5. Be2 {[%emt 0:00:00]} c6 6. e5 {[%emt 0:04:29]} Ne8 {[%emt 0:00:26]} 7. Nf3 {[%emt 0:00:44]} d6 {[%emt 0:05:35]} 8. Bf4 {[%emt 0:05:00]} f6 {[%emt 0:03:58]} 9. exd6 {[%emt 0:01:07]} exd6 {[%emt 0:00:42]} 10. Qb3 {[%emt 0:08:12]} g5 {[%emt 0:01:39]} 11. Be3 {[%emt 0:02:41]} Kh8 {[%emt 0:12:27]} 12. O-O-O {[%emt 0:05:34]} a6 {[%emt 0:09:57]} 13. g4 {[%emt 0:03:37]} b5 {[%emt 0:02:38]} 14. h4 {[%emt 0:01:35]} Bxg4 {[%emt 0:00:26]} 15. Rdg1 {[%emt 0:03:33]} Bxf3 {[%emt 0:04:38]} 16. Bxf3 {[%emt 0:01:44]} g4 {[%emt 0:00:23]} 17. Rxg4 {[%emt 0:14:40]} f5 {[%emt 0:02:51]} 18. Rg2 {[%emt 0:00:49]} f4 {[%emt 0:05:18]} 19. Bd2 {[%emt 0:00:04]} Bxd4 {[%emt 0:02:38]} 20. Rhg1 {[%emt 0:05:36]} Bg7 {[%emt 0:14:43]} 21. cxb5 {[%emt 0:07:17]} axb5 {[%emt 0:02:26]} 22. Ne2 {[%emt 0:06:08]} d5 {[%emt 0:03:39]} 23. Nxf4 {[%emt 0:03:32]} Qd6 {[%emt 0:01:24]} 24. Bh5 {[%emt 0:08:44]} Ra7 {[%emt 0:05:16]} 25. Bxe8 {[%emt 0:02:09]} Rxe8 {[%emt 0:00:39]} 26. Kb1 {[%emt 0:00:35]} Qe5 {[%emt 0:03:13]} 27. Nd3 {[%emt 0:01:53]} Qf6 {[%emt 0:01:15]} 28. h5 {[%emt 0:01:56]} Rd7 {[%emt 0:05:46]} 29. h6 {[%emt 0:00:26]} 1-0

[Event "XII Paracin Festival 2019"]
[Site "Paracin"]
[Date "2019.07.10"]
[Round "7.17"]
[White "Froewis, Georg"]
[Black "Milosevic, Milos"]
[Result "0-1"]
[WhiteElo "2434"]
[BlackElo "2312"]
[Annotator "NA"]
[PlyCount "74"]
[EventDate "2019.07.05"]
[EventType "swiss"]
[EventCountry "SRB"]
[SourceTitle "playchess.com"]
[Source "ChessBase"]
[SourceQuality "1"]
[TimeControl "5400+30"]

1. g3 {[%emt 0:00:00]} Nf6 {[%emt 0:01:04]} 2. Bg2 {[%emt 0:00:00]} e5 {[%emt 0:00:20]} 3. d3 {[%emt 0:00:00]} d5 {[%emt 0:00:22]} 4. a3 {[%emt 0:00:00]} Bd6 {[%emt 0:02:18]} 5. c4 {[%emt 0:00:54]} dxc4 {[%emt 0:03:36]} 6. Qa4+ {[%emt 0:00:32]} Bd7 {[%emt 0:02:10]} 7. Qxc4 {[%emt 0:00:02]} Nc6 {[%emt 0:00:09]} 8. Nf3 {[%emt 0:00:30]} O-O {[%emt 0:00:23]} 9. O-O {[%emt 0:00:21]} h6 {[%emt 0:02:08]} 10. b4 {[%emt 0:00:26]} a6 {[%emt 0:05:29]} 11. Bb2 {[%emt 0:00:09]} Qe7 {[%emt 0:01:48]} 12. Nbd2 {[%emt 0:00:09]} Rfe8 {[%emt 0:01:21]} 13. Rac1 {[%emt 0:00:30]} a5 {[%emt 0:12:26]} 14. b5 {[%emt 0:00:59]} Na7 {[%emt 0:00:04]} 15. a4 {[%emt 0:00:07]} c6 {[%emt 0:00:07]} 16. bxc6 {[%emt 0:04:49]} Bxc6 {[%emt 0:07:19]} 17. Qa2 {[%emt 0:00:26]} Bd5 {[%emt 0:04:37]} 18. Qa1 {[%emt 0:00:24]} b5 {[%emt 0:00:29]} 19. axb5 {[%emt 0:02:18]} Nxb5 {[%emt 0:01:36]} 20. e4 {[%emt 0:03:19]} Bb7 {[%emt 0:01:42]} 21. Nc4 {[%emt 0:00:15]} Nd7 {[%emt 0:00:10]} 22. Qa4 {[%emt 0:06:34]} Ba6 {[%emt 0:02:09]} 23. Nxa5 {[%emt 0:01:13]} Nc7 {[%emt 0:18:35]} 24. Nc6 {[%emt 0:08:25]} Qe6 {[%emt 0:00:43]} 25. Qc2 {[%emt 0:00:07]} Rac8 {[%emt 0:02:26]} 26. Rfd1 {[%emt 0:04:58]} Nb5 {[%emt 0:02:32]} 27. Qd2 {[%emt 0:04:42]} Nc5 {[%emt 0:01:05]} 28. Rxc5 {[%emt 0:04:58]} Bxc5 {[%emt 0:00:08]} 29. Ncxe5 {[%emt 0:00:03]} Qb3 {[%emt 0:01:02]} 30. Bh3 {[%emt 0:08:54]} Bb4 {[%emt 0:05:51]} 31. Qf4 {[%emt 0:04:53]} Qxd1+ {[%emt 0:00:06]} 32. Kg2 {[%emt 0:00:01]} Qb3 {[%emt 0:01:26]} 33. Nh4 {[%emt 0:01:47]} Nd6 {[%emt 0:01:45]} 34. Bxc8 {[%emt 0:03:22]} Bxc8 {[%emt 0:00:50]} 35. Bd4 {[%emt 0:00:06]} Nb5 {[%emt 0:01:56]} 36. Nhf3 {[%emt 0:00:06]} Bd6 {[%emt 0:01:07]} 37. Ba1 {[%emt 0:01:27]} f6 {[%emt 0:00:37]} 0-1

[Event "XII Paracin Festival 2019"]
[Site "Paracin"]
[Date "2019.07.10"]
[Round "7.18"]
[White "Lazov, Toni"]
[Black "Lajthajm, Borko"]
[Result "1-0"]
[WhiteElo "2313"]
[BlackElo "2424"]
[Annotator "NA"]
[PlyCount "107"]
[EventDate "2019.07.05"]
[EventType "swiss"]
[EventCountry "SRB"]
[SourceTitle "playchess.com"]
[Source "ChessBase"]
[SourceQuality "1"]
[TimeControl "5400+30"]

1. e4 {[%emt 0:00:11]} e5 {[%emt 0:00:00]} 2. Bc4 {[%emt 0:00:30]} Nf6 {[%emt 0:00:27]} 3. d3 {[%emt 0:00:05]} c6 {[%emt 0:00:52]} 4. Nf3 {[%emt 0:00:08]} d5 {[%emt 0:00:04]} 5. Bb3 {[%emt 0:00:04]} Bd6 {[%emt 0:01:06]} 6. exd5 {[%emt 0:01:31]} Nxd5 {[%emt 0:00:37]} 7. O-O {[%emt 0:03:45]} O-O {[%emt 0:00:38]} 8. Re1 {[%emt 0:02:12]} Nd7 {[%emt 0:01:57]} 9. Nbd2 {[%emt 0:03:51]} Bc7 {[%emt 0:00:45]} 10. Ne4 {[%emt 0:03:34]} h6 {[%emt 0:00:11]} 11. Ng3 {[%emt 0:11:09]} Re8 {[%emt 0:04:08]} 12. d4 {[%emt 0:03:05]} exd4 {[%emt 0:01:08]} 13. Rxe8+ {[%emt 0:00:14]} Qxe8 {[%emt 0:00:06]} 14. Bxd5 {[%emt 0:05:55]} cxd5 {[%emt 0:00:06]} 15. Qxd4 {[%emt 0:00:26]} Bb6 {[%emt 0:01:10]} 16. Qf4 {[%emt 0:07:37]} Nf6 {[%emt 0:03:58]} 17. Be3 {[%emt 0:03:32]} Bxe3 {[%emt 0:01:17]} 18. Qxe3 {[%emt 0:00:05]} Qxe3 {[%emt 0:00:04]} 19. fxe3 {[%emt 0:00:05]} Bd7 {[%emt 0:00:25]} 20. h3 {[%emt 0:03:00]} Re8 {[%emt 0:00:33]} 21. Kf2 {[%emt 0:01:24]} g6 {[%emt 0:00:28]} 22. Rd1 {[%emt 0:16:47]} h5 {[%emt 0:01:54]} 23. Rd4 {[%emt 0:01:07]} b6 {[%emt 0:00:38]} 24. Ke2 {[%emt 0:07:26]} Bb5+ {[%emt 0:00:50]} 25. Kd2 {[%emt 0:01:22]} a5 {[%emt 0:01:03]} 26. b3 {[%emt 0:03:46]} Kg7 {[%emt 0:01:01]} 27. Rf4 {[%emt 0:02:17]} Ba6 {[%emt 0:01:59]} 28. a4 {[%emt 0:00:47]} Re7 {[%emt 0:02:49]} 29. Nd4 {[%emt 0:03:44]} Re5 {[%emt 0:00:54]} 30. Nf3 {[%emt 0:00:22]} Re8 {[%emt 0:03:14]} 31. Ng5 {[%emt 0:00:13]} Bc8 {[%emt 0:02:22]} 32. Ne2 {[%emt 0:02:12]} Re5 {[%emt 0:00:35]} 33. h4 {[%emt 0:01:39]} Re7 {[%emt 0:00:29]} 34. Nc3 {[%emt 0:02:25]} Bb7 {[%emt 0:02:41]} 35. Nb5 {[%emt 0:03:33]} Ne8 {[%emt 0:03:45]} 36. b4 {[%emt 0:03:41]} Bc6 {[%emt 0:02:24]} 37. bxa5 {[%emt 0:00:19]} bxa5 {[%emt 0:00:10]} 38. Nf3 {[%emt 0:00:35]} Bxb5 {[%emt 0:00:36]} 39. axb5 {[%emt 0:00:01]} Nd6 {[%emt 0:01:29]} 40. Ra4 {[%emt 0:02:07]} Nc4+ {[%emt 0:00:16]} 41. Kc3 {[%emt 0:00:02]} Rxe3+ {[%emt 0:01:16]} 42. Kd4 {[%emt 0:00:28]} Re2 {[%emt 0:01:04]} 43. Ra2 {[%emt 0:00:42]} Rxg2 {[%emt 0:01:10]} 44. Kxd5 {[%emt 0:00:05]} Rg4 {[%emt 0:01:03]} 45. Nd4 {[%emt 0:01:55]} Nb6+ {[%emt 0:00:53]} 46. Kc6 {[%emt 0:00:01]} Nc8 {[%emt 0:00:07]} 47. c3 {[%emt 0:01:37]} Rxh4 {[%emt 0:00:35]} 48. Rxa5 {[%emt 0:01:08]} Rf4 {[%emt 0:00:17]} 49. Kc7 {[%emt 0:00:25]} Rf1 {[%emt 0:06:01]} 50. Kxc8 {[%emt 0:00:13]} Rb1 {[%emt 0:00:05]} 51. c4 {[%emt 0:01:18]} Rb4 {[%emt 0:00:41]} 52. c5 {[%emt 0:00:01]} Rxd4 {[%emt 0:00:08]} 53. b6 {[%emt 0:00:06]} h4 {[%emt 0:00:07]} 54. b7 {[%emt 0:00:10]} 1-0

[Event "XII Paracin Festival 2019"]
[Site "Paracin"]
[Date "2019.07.10"]
[Round "7.19"]
[White "Janzelj, Tim"]
[Black "Gan-Od, Sereenen"]
[Result "1-0"]
[WhiteElo "2416"]
[BlackElo "2294"]
[Annotator "NA"]
[PlyCount "145"]
[EventDate "2019.07.05"]
[EventType "swiss"]
[EventCountry "SRB"]
[SourceTitle "playchess.com"]
[Source "ChessBase"]
[SourceQuality "1"]
[TimeControl "5400+30"]

1. d4 {[%emt 0:00:00]} g6 {[%emt 0:00:00]} 2. e4 {[%emt 0:00:07]} Bg7 {[%emt 0:00:00]} 3. Nc3 {[%emt 0:00:36]} d6 {[%emt 0:00:00]} 4. f4 {[%emt 0:00:10]} Nf6 {[%emt 0:00:00]} 5. Nf3 {[%emt 0:00:05]} O-O {[%emt 0:00:00]} 6. Bd3 {[%emt 0:00:56]} Bg4 {[%emt 0:00:43]} 7. h3 {[%emt 0:07:35]} Bxf3 {[%emt 0:00:30]} 8. Qxf3 {[%emt 0:00:02]} Nfd7 {[%emt 0:00:32]} 9. e5 {[%emt 0:06:37]} Nc6 {[%emt 0:01:52]} 10. Ne2 {[%emt 0:05:00]} Nb4 {[%emt 0:07:42]} 11. Be4 {[%emt 0:07:50]} d5 {[%emt 0:03:46]} 12. Bd3 {[%emt 0:00:01]} c5 {[%emt 0:00:36]} 13. c3 {[%emt 0:00:12]} Nxd3+ {[%emt 0:00:19]} 14. Qxd3 {[%emt 0:00:02]} cxd4 {[%emt 0:01:31]} 15. cxd4 {[%emt 0:00:29]} Qb6 {[%emt 0:03:23]} 16. O-O {[%emt 0:00:36]} e6 {[%emt 0:00:51]} 17. Bd2 {[%emt 0:10:05]} Rac8 18. Bc3 {[%emt 0:00:44]} Nb8 {[%emt 0:00:57]} 19. Kh1 Nc6 {[%emt 0:01:58]} 20. g4 {[%emt 0:00:35]} f5 {[%emt 0:01:48]} 21. Rg1 {[%emt 0:09:31]} Kh8 {[%emt 0:01:21]} 22. Rg2 {[%emt 0:02:44]} Rf7 {[%emt 0:00:59]} 23. Rh2 {[%emt 0:01:35]} Qa6 {[%emt 0:00:48]} 24. Qf3 {[%emt 0:09:04]} b5 {[%emt 0:01:18]} 25. Qd3 {[%emt 0:03:23]} Qb6 {[%emt 0:00:53]} 26. h4 {[%emt 0:01:07]} b4 {[%emt 0:00:36]} 27. Bd2 {[%emt 0:01:49]} fxg4 {[%emt 0:03:19]} 28. h5 {[%emt 0:00:01]} g5 {[%emt 0:02:59]} 29. h6 {[%emt 0:06:04]} Bf8 {[%emt 0:00:51]} 30. Rg1 {[%emt 0:00:02]} b3 {[%emt 0:04:37]} 31. a3 {[%emt 0:01:16]} Ne7 {[%emt 0:02:01]} 32. Rxg4 {[%emt 0:00:35]} Nf5 {[%emt 0:01:49]} 33. fxg5 {[%emt 0:00:47]} Qc6 {[%emt 0:08:47]} 34. Bc3 {[%emt 0:09:38]} Qc4 {[%emt 0:01:07]} 35. Qh3 {[%emt 0:03:47]} Be7 {[%emt 0:06:47]} 36. Rhg2 {[%emt 0:03:24]} Rg8 {[%emt 0:00:44]} 37. Kh2 {[%emt 0:02:48]} Rg6 {[%emt 0:05:21]} 38. Nf4 {[%emt 0:01:12]} Rf8 {[%emt 0:00:45]} 39. Nxg6+ {[%emt 0:00:16]} hxg6 {[%emt 0:00:01]} 40. Rf2 {[%emt 0:00:50]} Kh7 {[%emt 0:00:34]} 41. Rd2 {[%emt 0:05:11]} Rc8 {[%emt 0:00:33]} 42. Rd3 {[%emt 0:01:16]} Qa6 {[%emt 0:00:35]} 43. Qf3 {[%emt 0:01:03]} Rf8 {[%emt 0:00:57]} 44. Qe2 {[%emt 0:00:09]} Rb8 {[%emt 0:00:39]} 45. Rd2 {[%emt 0:00:22]} Qc6 {[%emt 0:00:06]} 46. Qd3 {[%emt 0:00:55]} Qc8 {[%emt 0:01:16]} 47. Rg1 {[%emt 0:00:27]} Rb6 {[%emt 0:01:02]} 48. Ba5 {[%emt 0:01:17]} Ra6 {[%emt 0:01:28]} 49. Bb4 {[%emt 0:00:42]} Bd8 {[%emt 0:02:11]} 50. Qxb3 {[%emt 0:00:11]} Rb6 {[%emt 0:01:11]} 51. Qd3 {[%emt 0:00:32]} Rc6 {[%emt 0:01:14]} 52. Rgg2 {[%emt 0:01:05]} Bb6 {[%emt 0:00:42]} 53. Bc3 {[%emt 0:00:16]} Rc4 {[%emt 0:01:16]} 54. Rdf2 {[%emt 0:00:41]} Qc7 {[%emt 0:00:28]} 55. Rxf5 {[%emt 0:00:36]} exf5 {[%emt 0:00:06]} 56. Qe3 {[%emt 0:00:41]} Rc6 {[%emt 0:00:16]} 57. Kh1 {[%emt 0:00:20]} Qe7 {[%emt 0:00:14]} 58. Qf3 {[%emt 0:00:49]} Qd8 {[%emt 0:00:18]} 59. Rg1 {[%emt 0:00:21]} a5 {[%emt 0:00:11]} 60. Qg2 {[%emt 0:00:17]} a4 {[%emt 0:00:35]} 61. Re1 {[%emt 0:00:10]} Re6 {[%emt 0:00:11]} 62. Qd2 {[%emt 0:00:35]} Qd7 {[%emt 0:01:00]} 63. Qd3 {[%emt 0:00:20]} Bd8 {[%emt 0:00:15]} 64. Bd2 {[%emt 0:00:11]} Be7 {[%emt 0:00:28]} 65. Rc1 {[%emt 0:01:40]} Rb6 {[%emt 0:01:28]} 66. Qc2 {[%emt 0:00:44]} Qb5 {[%emt 0:00:22]} 67. Bb4 {[%emt 0:00:25]} Rb7 {[%emt 0:01:24]} 68. Bxe7 {[%emt 0:00:17]} Rxe7 {[%emt 0:00:01]} 69. Qc5 {[%emt 0:00:12]} Qb7 {[%emt 0:01:44]} 70. Qb4 {[%emt 0:00:26]} Qd7 {[%emt 0:00:21]} 71. Rc6 {[%emt 0:00:19]} f4 {[%emt 0:03:42]} 72. e6 {[%emt 0:00:02]} Qd8 {[%emt 0:04:41]} 73. Rc4 1-0